MARC

LEADER 00000nam0a2200000 4500
001 273952
005 20231101234659.0
020 |a RU  |b 87-84254 
035 |a (RuTPU)RU\TPU\book\297162 
090 |a 273952 
100 |a 20141030d1987 m y0rusy5003 ca 
101 0 |a bel 
102 |a RU 
105 |a a z 001zy 
200 1 |a Каменный калейдоскоп: очерки о жизни камня  |f В. Е. Бордон 
210 |a Минск  |c Полымя  |d 1987 
215 |a 124 с.  |c ил.  |d 17 см 
320 |a Библиогр. в тексте: с. 123-125 
606 1 |a Минералогия  |2 stltpush  |3 (RuTPU)RU\TPU\subj\43907  |9 63333 
610 1 |a минералы 
610 1 |a граниты 
610 1 |a полевые шпаты 
610 1 |a кварц 
610 1 |a самоцветы 
610 1 |a поваренная соль 
610 1 |a история 
610 1 |a строение 
610 1 |a особенности 
610 1 |a преобразование 
610 1 |a использование 
675 |a 549  |z rus  |v 3 
700 1 |a Бордон  |b В. Е.  |g Всеволод Евгеньевич  |4 070 
801 0 |a RU  |b RuMRKP  |c 19950417  |g psbo 
801 1 |a RU  |b 63413507  |c 20141030 
801 2 |a RU  |b 63413507  |c 20170117  |g RCR 
942 |c BK